1874 1155 1452 1823 1512 1472 1102 1628 1160 1586 1234 1378 1501 1831 1158 1742 1825 1123 1655 1981 1032 1875 1230 1085 1498 1530 1966 1243 1738 1675 1557 1929 1314 1659 1997 1135 1091 1163 1512 1712 1920 1743 1150 1351 1060 1784 1442 2000 1765 1725 1297 1791 1871 1710 1202 1393 1664 1007 1122 1702 1384 1801 1198 1582 1458 1725 1167 1143 1468 1420 1275 1793 1950 1754 1158 1254 1942 1368 1855 1103 1256 1067 1343 1461 1063 1482 1696 1278 1073 1717 1488 1774 1026 1571 1091 1193 1503 1771 1472 BCNSPRNW ULIB Ver.6.0+V

เปลี่ยนเป็นภาษาไทย

Change to English
 แสดงรายละเอียดบรรณานุกรม
  กลับหน้าหลัก

Brief Record : Get Marc (ISO 2709) : E-mail record : QR code < ปิดหน้าต่าง
LEADER : 00000nam 2200000uu 4500
001    13399123100
003     ULIB
008    140122s2553||||th 000 0 tha d
020    ^a9789741113965
035    ^aMain000015430
060    ^aW84.6 ^bส831ง ^d
100    ^aสุพัตรา ศรีวณิชชากร
245    ^aงานวิจัยเพื่อการพัฒนาหน่วยบริการปฐมภูมิ : 1 ศูนย์แพทย์ชุมชนภายใต้ระบบหลัประกันสุขภาพแห่งชาติ : กรณีศึกษาศูนย์แพทย์ชุมชน 9 แห่ง 2 ต้นทุนต่อหน่วยบริการในระดับปฐมภูมิ : กรณีศึกษาศูนย์สุขภาพชุมชน 6 จังหวัด
250    ^aพิมพ์ครั้งที่ 1
260    ^aนครปฐม :^bสำนักงานวิจัยและพัฒนาระบบสุขภาพชุมชน (สพช),^c2553
300    ^a100 หน้า ;^bภาพประกอบ
650    ^aบริการทางการแพทย์
650    ^aสาธารณสุขมูลฐาน
945    ^p0^l0^i034370
999    ^aเกษร โพธิ์สุวรรณ
รายการนี้ยังไม่มีแท็ก
คุณยังไม่ได้ล็อกอิน คุณสามารถมีกิจกรรมร่วมกับเว็บไซต์ได้ แต่ต้องล็อกอินก่อน ::
  ล็อกอิน

รายการสื่อสารสนเทศ

ลำดับที่ ประเภท เลขเรียก/บาร์โค้ด สถานที่ สถานะ
1. วิทยาศาสตร์การแพทย์ และสุขภาพ
หนังสือสำรอง
สถานะ=หนังสือสำรอง
W84.6 ส831ง  
  Barcode: 034370
ห้องสมุดวิทยาเขตสวรรค์ประชารักษ์
►หนังสือทั่วไป
บนชั้น

รายการใกล้เคียง
    ผู้แต่ง [สุพัตรา ศรีวณิชชากร]

    หัวเรื่อง [บริการทางการแพทย์]
    หัวเรื่อง [สาธารณสุขมูลฐาน]

BibComment


ยังไม่เคยถูกคอมเมนท์

คอมเมนท์ทรัพยากรรายการนี้
  คอมเมนท์: งานวิจัยเพื่อการ..


 Copyright 2026. Bcnsprnw @Library